Applications of centre manifold theory

Αποθηκεύτηκε σε:
Λεπτομέρειες βιβλιογραφικής εγγραφής
Κύριος συγγραφέας: Carr, Jack
Μορφή: Βιβλίο
Γλώσσα:English
Δημοσίευση: New york : Springer-Verlag, c1981
Σειρά:Applied mathematical sciences (Springer-Verlag New York Inc.) ; 35
Θέματα:
Ετικέτες: Προσθήκη ετικέτας
Δεν υπάρχουν, Καταχωρήστε ετικέτα πρώτοι!

MARC

LEADER 00000nam a2200000 i 4500
001 1/53130
008 070830s1981 eng d
020 |a 0-387-90577-4 (pbk.) 
035 |l 10090202 
040 |a GR-MY-UA  |b gre  |e aacr 
041 0 |a eng 
082 0 |a 516.07  |2 (22) 
100 1 |a Carr, Jack. 
245 1 0 |a Applications of centre manifold theory /  |c Jack Carr 
260 |a New york :   |b Springer-Verlag,   |c c1981 
300 |a 142 σ.;  |b σχ.;  |c 24 εκ. 
490 1 |a Applied mathematical sciences  |v ; 35 
500 |a Based on a series of lectures given in the Lefschetz Center for Dynamical Systems in the Division of Applied Mathematics at Brown University during the academic year 1978-79 
504 |a Βιβλιογραφία: σ. 136-140 
504 |a Περιέχει ευρετήριo 
650 0 0 |a Manifolds (Mathematics) 
650 0 0 |a Bifurcation theory. 
830 0 |a Applied mathematical sciences (Springer-Verlag New York Inc.)  |v ; 35 
852 |a INST  |b LESVOS  |e 20070830  |h 516.07 CAR  |p 005100039172  |q 005100039172  |t BK  |y 0 
901 |a BIBL1-2007-2 
909 |a Λ  |b 137339 
922 |a 1ΕΛΗ  |b 200707  |c ΕΠΕΑΕΚ2/ΤΕΘ  |d ΕΛΕΥΘΕΡΟΥΔΑΚΗΣ 
970 |a ΒΑΡΚΑ  |b ΕΛΕΥΘΕΡΙΑ  |z 2007/08/30